gagnantes de drag race en 1mn - Statistiques

Statistiques générales
  • Ce quiz a été pris 45 fois
  • Le résultat moyen est 10 sur 16
Answers on the Grid
Answers color-coded by a green-red scale on the quiz's grid according to % correct below.
keta minaj
aquaria
tia kofi
kita mean
cookie kunty
clover bish
satin greco
black peppa
envy peru
natalia pliacam
bernie
star doll
rita baga
alyssa edwards
pupi poisson
la diamond
leexa fox
nicky doll
jimbo
heidi'n'closet
sherry pie
angeria PVM
elektra bionic
elle vosque
ginger minj
ginger bitch
paloma
brigiding
vybe
alvilda
 
Statistiques - réponses
Réponse % Correct
aquaria
92%
paloma
87%
alyssa edwards
85%
jimbo
85%
angeria PVM
82%
ginger minj
82%
tia kofi
79%
envy peru
62%
alvilda
59%
brigiding
51%
satin greco
49%
elektra bionic
46%
kita mean
46%
la diamond
31%
leexa fox
31%
natalia pliacam
23%
Aucun quiz correspondant
Distribution des résultats
% des personnes avec chaque résultat
Percentile par nombre de réponses
Votre historique - résultats
Vous n’avez pas pris ce quiz